Sports Quiz

Random Sports or WWE Quiz

Who's the missing WWE tag team partner? Quiz Stats

Quiz not verified by Sporcle

Challenge
Share
Tweet
Embed
Score 0/50 Timer 05:00
1 Play Today
Tag Team Missing Member % Correct
ShoMiz???
90.9%
The Hardy Boyz???
89.8%
Jeri-Show???
89%
The Brothers of Destruction???
88.7%
New Age Outlaws???
86.6%
Rated-RKO???
86.3%
Rock N Sock Connection???
86.1%
Los Guerreros???
85.8%
Legion of Doom???
83.6%
Team Hell No???
83.4%
The Mega Powers???
83.4%
Dudley Boyz???
83.1%
APA???
81.5%
The Hart Foundation???
81%
The Usos???
81%
The Steiner Brothers???
79.9%
Money Inc.???
79.9%
Demoltion???
79.1%
Worlds Greatest Tag Team???
78%
The Rockers???
77.5%
The Smoking Gunns???
77.2%
Natural Disasters???
75.6%
The British Bulldogs???
74.8%
Air Boom???
74.5%
The Bushwackers???
73.7%
Tag Team Missing Member % Correct
MNM???
72.9%
Two-Man Power Trip???
72.1%
Two Dudes With Attitudes???
72.1%
The Headbangers???
69.7%
Men on a Mission???
67.6%
The Brain Busters???
65.7%
Rhythm & Blues???
65.1%
The Colossal Connection???
64.3%
The Wild Samoans???
63.5%
The Nasty Boys???
61.1%
The Powers of Pain???
59%
Strike Force???
58.7%
The Bodydonnas???
57.9%
The Headshrinkers???
56.3%
Twin Towers???
56%
The Dream Team???
51.5%
The Rock N Roll Express???
51.5%
The Beverly Brothers???
51.2%
La Resistance???
48.8%
Power & Glory???
48.3%
Soul Patrol???
47.5%
The Quebecers???
44%
The U.S. Express???
37.5%
The Islanders???
29%
The Bolsheviks???
27.9%

You're not logged in!

Compare scores with friends on all Sporcle quizzes.
Sign Up with Email
OR
Log In

You Might Also Like...

Show Comments

Extras

Top Quizzes Today


Score Distribution

Your Account Isn't Verified!

In order to create a playlist on Sporcle, you need to verify the email address you used during registration. Go to your Sporcle Settings to finish the process.